000
00211nam a2200097Ia 4500
008
240331s9999 xx 000 0 und d
082
_b
JAM
100
_a
Jemeson, S
245
4
_a
The diary of Anne Frank
942
_c
L
999
_c
3408
_d
3408